| 000 | 01078nam a22003017a 4500 | ||
|---|---|---|---|
| 001 | 5813 | ||
| 003 | FISKH | ||
| 005 | 20250123102355.0 | ||
| 008 | 250123b cb ||||| |||| 00| 0 eng d | ||
| 020 | _a9780439921435 | ||
| 040 |
_aFISKH _beng _cFISKH _dFISKH |
||
| 050 | _a921 | ||
| 082 | _aF592.S123 | ||
| 100 | _aMilton, Joyce | ||
| 245 |
_aSacajawea: _bHer true story / _cBy Joyce Milton ; Illustrated by Shelly Hehenberger |
||
| 250 | _aFirst Scholastic printing, November 2006 | ||
| 260 |
_aNew York : _bScholastic, _c2001. |
||
| 300 |
_a48 pages : _bcolor illustrations ; _c23 cm |
||
| 490 |
_aAll aboard reading : _vStation shop 2. |
||
| 505 | _aO | ||
| 520 | _aA biography of the Shoshoni Indian woman who played an important role in guiding the Lewis and Clark expedition through the Northwest Territory of the United States in 1805-1806. | ||
| 521 | 8 |
_a600
_bLexile |
|
| 521 | 8 |
_aO
_bRaz-Plus |
|
| 650 |
_aAmerican history _vBiographies _x Indians |
||
| 700 |
_aHehenberger, Shelly _eillustrator |
||
| 942 |
_2ddc _cBK _n0 |
||
| 999 |
_c5813 _d5813 |
||